| 000 | 01221pam a2200349 a 4500 | ||
|---|---|---|---|
| 001 | 8412 | ||
| 003 | FISKH | ||
| 005 | 20251127095214.0 | ||
| 008 | 860211s1986 nyua j 000 1 eng | ||
| 010 | _a 86002642 | ||
| 020 |
_a0899194141 : _c$12.95 |
||
| 020 | _a9780899194141 | ||
| 020 | _a9780899197999 | ||
| 040 |
_aDLC _cDLC _dDLC _beng |
||
| 050 | 0 | 0 |
_aPZ8.3.B92 _bSc 1986 |
| 082 | _a 813.54 | ||
| 100 | 1 |
_aBunting, Eve, _d1928- |
|
| 245 | 1 | 0 |
_aScary, scary Halloween / _cEve Bunting ; pictures by Jan Brett. |
| 260 |
_aNew York : _bClarion Books, _c1986. |
||
| 300 |
_a32 unnumbered pages : _bcolor illustrations ; _c22 cm |
||
| 505 | _aNP | ||
| 520 | _aA band of trick-or-treaters and a mother cat and her kittens spend a very scary Halloween. | ||
| 650 | 1 |
_aHalloween _xFiction. |
|
| 650 | 1 |
_aCats _xFiction. |
|
| 650 | 1 | _aStories in rhyme. | |
| 700 | 1 |
_aBrett, Jan, _d1949- _eillustrator |
|
| 856 | 4 | 2 |
_3Publisher description _uhttp://www.loc.gov/catdir/description/hm021/86002642.html |
| 856 | 4 | 2 |
_3Contributor biographical information _uhttp://www.loc.gov/catdir/enhancements/fy0737/86002642-b.html |
| 906 |
_a7 _bcbc _corignew _d1 _eocip _f19 _gy-gencatlg |
||
| 942 |
_2ddc _cBK _n0 |
||
| 999 |
_c8412 _d8412 |
||